[Event "Deutsche Ländermeisterschaft 2025"]
[Site "Oer-Erkenschwick GER"]
[Date "2025.10.03"]
[Round "4"]
[White "Schwitkowski, Luka"]
[Black "Hoppe, Arthur"]
[Result "1-0"]
[Termination "normal"]
[Board "5.3"]
[WhiteElo "2119"]
[BlackElo "2041"]
[WhiteClock "00:20:02"]
[BlackClock "01:15:06"]
[WhiteTeam "Nordrhein-Westfalen 2"]
[BlackTeam "Berlin"]
[PlyCount "103"]
[WhiteFideId "34610669"]
[BlackFideId "34618910"]
[EventCountry "GER"]
[EventRounds "7"]
[EventType "team-swiss"]
[EventDate "2025.09.30"]

1. d4 {[%clk 01:30:44]} {[%emt 00:00:11]} Nf6 {[%clk 01:30:51]} {[%emt
00:00:09]} 2. Nf3 {[%clk 01:31:12]} {[%emt 00:00:08]} e6 {[%clk 01:31:12]}
{[%emt 00:00:08]} 3. g3 {[%clk 01:30:39]} {[%emt 00:01:03]} c5 {[%clk
01:31:00]} {[%emt 00:00:41]} 4. Bg2 {[%clk 01:31:04]} {[%emt 00:00:06]} Nc6
{[%clk 01:31:22]} {[%emt 00:00:08]} 5. O-O {[%clk 01:31:27]} {[%emt 00:00:07]}
d5 {[%clk 01:30:45]} {[%emt 00:01:05]} 6. c4 {[%clk 01:31:49]} {[%emt
00:00:09]} dxc4 {[%clk 01:31:11]} {[%emt 00:00:04]} 7. dxc5 {[%clk 01:32:10]}
{[%emt 00:00:09]} Qxd1 {[%clk 01:31:34]} {[%emt 00:00:08]} 8. Rxd1 {[%clk
01:32:38]} {[%emt 00:00:02]} Bxc5 {[%clk 01:31:54]} {[%emt 00:00:09]} 9. Nbd2
{[%clk 01:33:05]} {[%emt 00:00:03]} c3 {[%clk 01:32:18]} {[%emt 00:00:06]} 10.
bxc3 {[%clk 01:33:34]} {[%emt 00:00:02]} O-O {[%clk 01:32:37]} {[%emt
00:00:10]} 11. Nb3 {[%clk 01:34:00]} {[%emt 00:00:04]} Be7 {[%clk 01:32:54]}
{[%emt 00:00:14]} 12. c4 {[%clk 01:34:25]} {[%emt 00:00:05]} Rd8 {[%clk
01:32:40]} {[%emt 00:00:44]} 13. Rxd8+ {[%clk 01:07:51]} {[%emt 00:27:05]} Nxd8
{[%clk 01:33:01]} {[%emt 00:00:08]} 14. Na5 {[%clk 00:52:13]} {[%emt 00:16:08]}
Bb4 {[%clk 01:27:50]} {[%emt 00:05:40]} 15. Bd2 {[%clk 00:52:13]} {[%emt
00:00:31]} Bxd2 {[%clk 01:28:13]} {[%emt 00:00:06]} 16. Nxd2 {[%clk 00:52:37]}
{[%emt 00:00:06]} Rb8 {[%clk 01:27:19]} {[%emt 00:01:25]} 17. c5 {[%clk
00:46:02]} {[%emt 00:07:05]} Nd7 {[%clk 01:21:15]} {[%emt 00:06:33]} 18. Nab3
{[%clk 00:43:00]} {[%emt 00:03:32]} Ne5 {[%clk 01:17:44]} {[%emt 00:04:01]} 19.
Rd1 {[%clk 00:37:13]} {[%emt 00:06:17]} Nec6 {[%clk 01:15:23]} {[%emt
00:02:50]} 20. Nc4 {[%clk 00:30:33]} {[%emt 00:07:11]} Kf8 {[%clk 01:15:44]}
{[%emt 00:00:09]} 21. Nba5 {[%clk 00:15:03]} {[%emt 00:16:00]} Nxa5 {[%clk
01:04:34]} {[%emt 00:11:40]} 22. Nxa5 {[%clk 00:15:31]} {[%emt 00:00:02]} Ke7
{[%clk 01:04:52]} {[%emt 00:00:12]} 23. Rb1 {[%clk 00:14:16]} {[%emt 00:01:45]}
Kd7 {[%clk 01:05:13]} {[%emt 00:00:09]} 24. Be4 {[%clk 00:06:35]} {[%emt
00:08:11]} h6 {[%clk 01:02:09]} {[%emt 00:03:35]} 25. c6+ {[%clk 00:05:45]}
{[%emt 00:01:20]} Kc7 {[%clk 01:02:32]} {[%emt 00:00:06]} 26. cxb7 {[%clk
00:06:10]} {[%emt 00:00:05]} Bxb7 {[%clk 01:02:42]} {[%emt 00:00:20]} 27. Rc1+
{[%clk 00:05:34]} {[%emt 00:01:06]} Kd7 {[%clk 01:02:00]} {[%emt 00:01:11]} 28.
Bxb7 {[%clk 00:05:34]} {[%emt 00:00:30]} Nxb7 {[%clk 01:01:54]} {[%emt
00:00:37]} 29. Nc6 {[%clk 00:06:01]} {[%emt 00:00:03]} Rf8 {[%clk 01:01:28]}
{[%emt 00:00:53]} 30. Nxa7 {[%clk 00:06:09]} {[%emt 00:00:25]} Nd6 {[%clk
01:01:44]} {[%emt 00:00:15]} 31. Nc6 {[%clk 00:06:22]} {[%emt 00:00:16]} Ra8
{[%clk 01:02:00]} {[%emt 00:00:13]} 32. Ne5+ {[%clk 00:06:22]} {[%emt
00:00:31]} Ke7 {[%clk 01:02:26]} {[%emt 00:00:04]} 33. Rc2 {[%clk 00:06:44]}
{[%emt 00:00:08]} Ra3 {[%clk 01:02:06]} {[%emt 00:00:49]} 34. f3 {[%clk
00:06:32]} {[%emt 00:00:43]} Nb5 {[%clk 01:00:08]} {[%emt 00:02:28]} 35. Kf2
{[%clk 00:06:32]} {[%emt 00:00:31]} f6 {[%clk 00:58:55]} {[%emt 00:01:41]} 36.
Nc4 {[%clk 00:05:20]} {[%emt 00:01:43]} Ra4 {[%clk 00:59:19]} {[%emt 00:00:05]}
37. Nd2 {[%clk 00:04:43]} {[%emt 00:01:06]} e5 {[%clk 00:58:35]} {[%emt
00:01:15]} 38. Nb3 {[%clk 00:04:33]} {[%emt 00:00:40]} Ra3 {[%clk 00:56:36]}
{[%emt 00:02:30]} 39. Rc5 {[%clk 00:03:11]} {[%emt 00:01:51]} Nd6 {[%clk
00:55:58]} {[%emt 00:01:07]} 40. Rc7+ {[%clk 00:03:12]} {[%emt 00:00:30]} Kf8
{[%clk 00:56:21]} {[%emt 00:00:07]} 41. Nc5 {[%clk 00:03:24]} {[%emt 00:00:18]}
Nf7 {[%clk 00:51:30]} {[%emt 00:05:21]} 42. Ne6+ {[%clk 00:28:40]} {[%emt
00:05:15]} Kg8 {[%clk 01:21:55]} {[%emt 00:00:04]} 43. Rc8+ {[%clk 00:28:55]}
{[%emt 00:00:15]} Kh7 {[%clk 01:22:21]} {[%emt 00:00:04]} 44. Rc2 {[%clk
00:29:18]} {[%emt 00:00:08]} e4 {[%clk 01:19:20]} {[%emt 00:03:31]} 45. fxe4
{[%clk 00:19:42]} {[%emt 00:10:06]} Ne5 {[%clk 01:19:32]} {[%emt 00:00:17]} 46.
Rc7 {[%clk 00:18:51]} {[%emt 00:01:21]} Rxa2 {[%clk 01:19:42]} {[%emt
00:00:20]} 47. Nxg7 {[%clk 00:18:24]} {[%emt 00:00:58]} Ng4+ {[%clk 01:19:32]}
{[%emt 00:00:39]} 48. Kg2 {[%clk 00:18:44]} {[%emt 00:00:10]} Ne3+ {[%clk
01:14:27]} {[%emt 00:05:35]} 49. Kf3 {[%clk 00:19:00]} {[%emt 00:00:12]} Nf1
{[%clk 01:14:38]} {[%emt 00:00:21]} 50. Nh5+ {[%clk 00:19:14]} {[%emt
00:00:16]} Kh8 {[%clk 01:14:46]} {[%emt 00:00:23]} 51. Nxf6 {[%clk 00:19:34]}
{[%emt 00:00:09]} Nxh2+ {[%clk 01:15:06]} {[%emt 00:00:10]} 52. Kf4 {[%clk
00:20:02]} {[%emt 00:00:02]} 1-0

[Event "Deutsche Ländermeisterschaft 2025"]
[Site "Oer-Erkenschwick GER"]
[Date "2025.10.03"]
[Round "4"]
[White "Gersemann, Karl"]
[Black "Kalina, Lena"]
[Result "1-0"]
[Termination "normal"]
[Board "5.4"]
[WhiteElo "2001"]
[BlackElo "1891"]
[WhiteClock "00:58:30"]
[BlackClock "00:07:44"]
[WhiteTeam "Berlin"]
[BlackTeam "Nordrhein-Westfalen 2"]
[PlyCount "97"]
[WhiteFideId "34602186"]
[BlackFideId "12988014"]
[EventCountry "GER"]
[EventRounds "7"]
[EventType "team-swiss"]
[EventDate "2025.09.30"]

1. e4 {[%clk 01:30:57]} {[%emt 00:00:02]} c5 {[%clk 01:30:54]} {[%emt
00:00:07]} 2. Nf3 {[%clk 01:31:21]} {[%emt 00:00:05]} Nc6 {[%clk 01:31:19]}
{[%emt 00:00:06]} 3. d4 {[%clk 01:31:46]} {[%emt 00:00:05]} cxd4 {[%clk
01:31:45]} {[%emt 00:00:03]} 4. Nxd4 {[%clk 01:32:12]} {[%emt 00:00:04]} g6
{[%clk 01:32:08]} {[%emt 00:00:07]} 5. c4 {[%clk 01:32:39]} {[%emt 00:00:03]}
Nf6 {[%clk 01:32:29]} {[%emt 00:00:09]} 6. Nc3 {[%clk 01:33:04]} {[%emt
00:00:05]} d6 {[%clk 01:32:50]} {[%emt 00:00:09]} 7. Be2 {[%clk 01:33:23]}
{[%emt 00:00:10]} Nxd4 {[%clk 01:32:25]} {[%emt 00:00:56]} 8. Qxd4 {[%clk
01:33:46]} {[%emt 00:00:07]} Bg7 {[%clk 01:32:46]} {[%emt 00:00:08]} 9. Be3
{[%clk 01:34:03]} {[%emt 00:00:13]} O-O {[%clk 01:33:08]} {[%emt 00:00:09]} 10.
Qd3 {[%clk 01:34:25]} {[%emt 00:00:08]} a5 {[%clk 01:31:32]} {[%emt 00:02:07]}
11. Bd4 {[%clk 01:34:00]} {[%emt 00:00:54]} a4 {[%clk 01:26:32]} {[%emt
00:05:31]} 12. O-O {[%clk 01:33:48]} {[%emt 00:00:41]} Bd7 {[%clk 01:18:44]}
{[%emt 00:08:19]} 13. f4 {[%clk 01:30:48]} {[%emt 00:03:29]} Bc6 {[%clk
01:13:00]} {[%emt 00:06:14]} 14. Bf3 {[%clk 01:27:48]} {[%emt 00:03:31]} Qa5
{[%clk 01:05:58]} {[%emt 00:07:32]} 15. Rad1 {[%clk 01:25:55]} {[%emt
00:02:22]} Rfc8 {[%clk 00:56:11]} {[%emt 00:10:18]} 16. Rfe1 {[%clk 01:24:14]}
{[%emt 00:02:10]} Rab8 {[%clk 00:53:33]} {[%emt 00:03:09]} 17. Nd5 {[%clk
01:24:04]} {[%emt 00:00:39]} Bxd5 {[%clk 00:50:12]} {[%emt 00:03:52]} 18. cxd5
{[%clk 01:23:49]} {[%emt 00:00:45]} Nd7 {[%clk 00:37:52]} {[%emt 00:12:51]} 19.
e5 {[%clk 01:22:44]} {[%emt 00:01:35]} Nc5 {[%clk 00:35:49]} {[%emt 00:02:33]}
20. Qe3 {[%clk 01:21:35]} {[%emt 00:01:38]} Qd8 {[%clk 00:31:54]} {[%emt
00:04:26]} 21. Rc1 {[%clk 01:12:56]} {[%emt 00:09:09]} b6 {[%clk 00:31:01]}
{[%emt 00:01:23]} 22. b4 {[%clk 01:10:51]} {[%emt 00:02:35]} axb3 {[%clk
00:29:04]} {[%emt 00:02:28]} 23. axb3 {[%clk 01:10:34]} {[%emt 00:00:46]} Qf8
{[%clk 00:23:02]} {[%emt 00:06:33]} 24. b4 {[%clk 00:55:44]} {[%emt 00:15:19]}
dxe5 {[%clk 00:21:32]} {[%emt 00:02:01]} 25. Bxe5 {[%clk 00:56:03]} {[%emt
00:00:10]} Bxe5 {[%clk 00:20:11]} {[%emt 00:01:51]} 26. fxe5 {[%clk 00:56:03]}
{[%emt 00:00:28]} Nd7 {[%clk 00:17:53]} {[%emt 00:02:49]} 27. Bg4 {[%clk
00:52:47]} {[%emt 00:03:46]} Rxc1 {[%clk 00:16:17]} {[%emt 00:02:08]} 28. Rxc1
{[%clk 00:53:05]} {[%emt 00:00:11]} f5 {[%clk 00:15:58]} {[%emt 00:00:49]} 29.
Bf3 {[%clk 00:51:43]} {[%emt 00:01:51]} Qg7 {[%clk 00:14:48]} {[%emt 00:01:40]}
30. Re1 {[%clk 00:51:35]} {[%emt 00:00:38]} g5 {[%clk 00:06:36]} {[%emt
00:08:43]} 31. Qc3 {[%clk 00:49:13]} {[%emt 00:02:50]} Qf8 {[%clk 00:05:13]}
{[%emt 00:01:55]} 32. Qc6 {[%clk 00:47:53]} {[%emt 00:01:48]} Rd8 {[%clk
00:04:41]} {[%emt 00:01:04]} 33. Bd1 {[%clk 00:42:13]} {[%emt 00:06:09]} Kh8
{[%clk 00:03:07]} {[%emt 00:02:05]} 34. Bb3 {[%clk 00:40:46]} {[%emt 00:01:55]}
Qe8 {[%clk 00:02:34]} {[%emt 00:01:04]} 35. Qe6 {[%clk 00:39:35]} {[%emt
00:01:40]} f4 {[%clk 00:01:23]} {[%emt 00:01:43]} 36. Ba4 {[%clk 00:39:57]}
{[%emt 00:00:08]} Nc5 {[%clk 00:00:33]} {[%emt 00:01:20]} 37. bxc5 {[%clk
00:36:55]} {[%emt 00:03:32]} Qxa4 {[%clk 00:00:48]} {[%emt 00:00:16]} 38. Qxe7
{[%clk 00:36:50]} {[%emt 00:00:34]} Qd4+ {[%clk 00:00:39]} {[%emt 00:00:39]}
39. Kh1 {[%clk 00:37:13]} {[%emt 00:00:07]} Qxd5 {[%clk 00:00:34]} {[%emt
00:00:36]} 40. Qf6+ {[%clk 00:37:28]} {[%emt 00:00:14]} Kg8 {[%clk 00:00:57]}
{[%emt 00:00:08]} 41. Qxg5+ {[%clk 00:37:31]} {[%emt 00:00:27]} Kh8 {[%clk
00:28:59]} {[%emt 00:02:28]} 42. Qf6+ {[%clk 01:04:39]} {[%emt 00:03:22]} Kg8
{[%clk 00:29:24]} {[%emt 00:00:05]} 43. cxb6 {[%clk 01:00:14]} {[%emt
00:04:55]} Rf8 {[%clk 00:25:04]} {[%emt 00:04:50]} 44. Qd6 {[%clk 00:59:34]}
{[%emt 00:01:10]} Qa8 {[%clk 00:21:33]} {[%emt 00:04:01]} 45. e6 {[%clk
00:57:52]} {[%emt 00:02:11]} f3 {[%clk 00:13:12]} {[%emt 00:08:52]} 46. Qg3+
{[%clk 00:58:01]} {[%emt 00:00:21]} Kh8 {[%clk 00:13:27]} {[%emt 00:00:15]} 47.
gxf3 {[%clk 00:58:17]} {[%emt 00:00:13]} Rxf3 {[%clk 00:12:48]} {[%emt
00:01:11]} 48. Qg2 {[%clk 00:58:35]} {[%emt 00:00:05]} Qa5 {[%clk 00:07:44]}
{[%emt 00:05:41]} 49. Rg1 {[%clk 00:58:30]} {[%emt 00:00:34]} 1-0

[Event "Deutsche Ländermeisterschaft 2025"]
[Site "Oer-Erkenschwick GER"]
[Date "2025.10.03"]
[Round "4"]
[White "Besou, Jad"]
[Black "Lorenz, Veronika"]
[Result "1/2-1/2"]
[Termination "normal"]
[Board "5.5"]
[WhiteElo "1865"]
[BlackElo "1972"]
[WhiteClock "00:37:07"]
[BlackClock "00:09:02"]
[WhiteTeam "Nordrhein-Westfalen 2"]
[BlackTeam "Berlin"]
[PlyCount "56"]
[WhiteFideId "34631348"]
[BlackFideId "16277406"]
[EventCountry "GER"]
[EventRounds "7"]
[EventType "team-swiss"]
[EventDate "2025.09.30"]

1. e4 {[%clk 01:30:59]} e5 {[%clk 01:30:55]} {[%emt 00:00:05]} 2. Nf3 {[%clk
01:31:23]} {[%emt 00:00:06]} Nc6 {[%clk 01:31:24]} {[%emt 00:00:02]} 3. Bb5
{[%clk 01:31:42]} {[%emt 00:00:10]} Bc5 {[%clk 01:31:52]} {[%emt 00:00:03]} 4.
O-O {[%clk 01:31:25]} {[%emt 00:00:47]} Nd4 {[%clk 01:32:17]} {[%emt 00:00:05]}
5. Nxd4 {[%clk 01:31:07]} {[%emt 00:00:49]} Bxd4 {[%clk 01:32:41]} {[%emt
00:00:05]} 6. c3 {[%clk 01:30:31]} {[%emt 00:01:06]} Bb6 {[%clk 01:33:06]}
{[%emt 00:00:05]} 7. d4 {[%clk 01:30:13]} {[%emt 00:00:48]} c6 {[%clk
01:33:31]} {[%emt 00:00:05]} 8. Ba4 {[%clk 01:26:22]} {[%emt 00:04:22]} d6
{[%emt 00:00:28]} 9. Be3 {[%clk 01:20:01]} {[%emt 00:06:46]} Nf6 {[%clk
01:33:29]} {[%emt 00:00:38]} 10. Nd2 {[%clk 01:18:56]} {[%emt 00:01:34]} Ng4
{[%clk 01:33:45]} {[%emt 00:00:15]} 11. Qe2 {[%clk 01:17:25]} {[%emt 00:02:00]}
Nxe3 {[%clk 01:33:17]} {[%emt 00:00:57]} 12. fxe3 {[%clk 01:17:05]} {[%emt
00:00:50]} O-O {[%clk 01:28:40]} {[%emt 00:05:08]} 13. Rf2 {[%clk 01:14:06]}
{[%emt 00:03:29]} Be6 {[%clk 01:25:57]} {[%emt 00:03:12]} 14. Bb3 {[%clk
01:11:28]} {[%emt 00:03:09]} Qe7 {[%clk 01:13:30]} {[%emt 00:12:57]} 15. Raf1
{[%clk 01:10:40]} {[%emt 00:01:18]} Rae8 {[%clk 01:07:13]} {[%emt 00:06:45]}
16. d5 {[%clk 01:09:06]} {[%emt 00:02:07]} cxd5 {[%clk 01:07:27]} {[%emt
00:00:16]} 17. exd5 {[%clk 01:08:35]} {[%emt 00:01:00]} Bd7 {[%clk 01:07:25]}
{[%emt 00:00:30]} 18. Bc2 {[%clk 01:00:28]} {[%emt 00:08:38]} Qg5 {[%clk
01:00:52]} {[%emt 00:07:03]} 19. Nc4 {[%clk 00:44:56]} {[%emt 00:16:03]} Bb5
{[%clk 00:57:09]} {[%emt 00:04:12]} 20. Rf5 {[%clk 00:43:54]} {[%emt 00:01:33]}
Bxc4 {[%clk 00:56:52]} {[%emt 00:00:47]} 21. Qxc4 {[%clk 00:44:11]} {[%emt
00:00:12]} Qxe3+ {[%clk 00:55:49]} {[%emt 00:01:34]} 22. Kh1 {[%clk 00:44:22]}
{[%emt 00:00:20]} e4 {[%clk 00:38:53]} {[%emt 00:17:25]} 23. Qa4 {[%clk
00:43:35]} {[%emt 00:01:16]} Re7 {[%clk 00:38:08]} {[%emt 00:01:13]} 24. Qc4
{[%clk 00:40:24]} {[%emt 00:03:43]} f6 {[%clk 00:23:34]} {[%emt 00:15:05]} 25.
R5f4 {[%clk 00:39:04]} {[%emt 00:01:50]} Rfe8 {[%clk 00:09:26]} {[%emt
00:14:37]} 26. Ba4 {[%clk 00:36:50]} {[%emt 00:02:44]} Rf8 {[%clk 00:09:02]}
{[%emt 00:00:54]} 27. Bc2 {[%clk 00:37:07]} {[%emt 00:00:14]} Rfe8 {[%emt
00:04:54]} 28. Ba4 {[%emt 00:00:01]} Rf8 1/2-1/2

[Event "Deutsche Ländermeisterschaft 2025"]
[Site "Oer-Erkenschwick GER"]
[Date "2025.10.03"]
[Round "4"]
[White "Chakhalov, Mikael"]
[Black "Allen, Phillipp"]
[Result "0-1"]
[Termination "normal"]
[Board "5.6"]
[WhiteElo "1949"]
[BlackElo "1864"]
[WhiteClock "00:15:14"]
[BlackClock "00:05:21"]
[WhiteTeam "Berlin"]
[BlackTeam "Nordrhein-Westfalen 2"]
[PlyCount "122"]
[WhiteFideId "34644458"]
[BlackFideId "16272846"]
[EventCountry "GER"]
[EventRounds "7"]
[EventType "team-swiss"]
[EventDate "2025.09.30"]

1. d4 {[%clk 01:30:53]} {[%emt 00:00:07]} Nf6 {[%clk 01:30:56]} {[%emt
00:00:04]} 2. c4 {[%clk 01:31:09]} {[%emt 00:00:14]} e6 {[%clk 01:31:21]}
{[%emt 00:00:05]} 3. Nf3 {[%clk 01:31:34]} {[%emt 00:00:04]} b6 {[%clk
01:31:47]} {[%emt 00:00:05]} 4. g3 {[%clk 01:31:49]} {[%emt 00:00:15]} Ba6
{[%clk 01:32:11]} {[%emt 00:00:06]} 5. b3 {[%clk 01:32:11]} {[%emt 00:00:07]}
Bb4+ {[%clk 01:32:37]} {[%emt 00:00:05]} 6. Bd2 {[%clk 01:32:37]} {[%emt
00:00:04]} Be7 {[%clk 01:33:02]} {[%emt 00:00:05]} 7. Bg2 {[%clk 01:33:01]}
{[%emt 00:00:05]} c6 {[%clk 01:33:13]} {[%emt 00:00:19]} 8. Ne5 {[%clk
01:32:58]} {[%emt 00:00:34]} d5 {[%clk 01:33:24]} {[%emt 00:00:19]} 9. Nc3
{[%clk 01:33:02]} {[%emt 00:00:26]} O-O {[%clk 01:33:21]} {[%emt 00:00:33]} 10.
Bf4 {[%clk 01:30:32]} {[%emt 00:03:00]} Nfd7 {[%clk 01:24:49]} {[%emt
00:09:02]} 11. Nxd7 {[%clk 01:27:18]} {[%emt 00:03:43]} Nxd7 {[%clk 01:22:31]}
{[%emt 00:02:49]} 12. O-O {[%clk 01:25:29]} {[%emt 00:02:18]} Rc8 {[%clk
01:20:51]} {[%emt 00:02:11]} 13. cxd5 {[%clk 01:17:10]} {[%emt 00:08:48]} cxd5
{[%clk 01:21:01]} {[%emt 00:00:20]} 14. Rc1 {[%clk 01:16:41]} {[%emt 00:01:00]}
Nf6 {[%clk 01:17:42]} {[%emt 00:03:49]} 15. a4 {[%clk 01:11:01]} {[%emt
00:06:11]} Qd7 {[%clk 01:14:00]} {[%emt 00:04:11]} 16. Na2 {[%clk 01:09:55]}
{[%emt 00:01:36]} Rxc1 {[%clk 01:05:40]} {[%emt 00:08:49]} 17. Nxc1 {[%clk
01:10:13]} {[%emt 00:00:13]} Rc8 {[%clk 01:05:41]} {[%emt 00:00:29]} 18. Nd3
{[%clk 01:09:56]} {[%emt 00:00:47]} Bd6 {[%clk 00:45:00]} {[%emt 00:21:11]} 19.
Qd2 {[%clk 00:38:52]} {[%emt 00:31:34]} Bxf4 {[%clk 00:37:47]} {[%emt
00:07:42]} 20. gxf4 {[%clk 00:38:17]} {[%emt 00:01:05]} Bxd3 {[%clk 00:36:38]}
{[%emt 00:01:39]} 21. Qxd3 {[%clk 00:38:46]} {[%emt 00:00:02]} Qc6 {[%clk
00:35:30]} {[%emt 00:01:38]} 22. f5 {[%clk 00:28:14]} {[%emt 00:11:01]} Qc3
{[%clk 00:27:41]} {[%emt 00:08:19]} 23. Qa6 {[%clk 00:21:53]} {[%emt 00:06:52]}
Rc7 {[%clk 00:27:37]} {[%emt 00:00:34]} 24. e3 {[%clk 00:18:07]} {[%emt
00:04:16]} Qxb3 {[%clk 00:24:18]} {[%emt 00:03:50]} 25. Bh3 {[%clk 00:17:33]}
{[%emt 00:01:04]} exf5 {[%clk 00:20:44]} {[%emt 00:04:04]} 26. Bxf5 {[%clk
00:17:13]} {[%emt 00:00:49]} Qc4 {[%clk 00:18:19]} {[%emt 00:02:55]} 27. Qb5
{[%clk 00:16:02]} {[%emt 00:01:42]} Qxb5 {[%clk 00:17:12]} {[%emt 00:01:37]}
28. axb5 {[%clk 00:16:31]} {[%emt 00:00:01]} Kf8 {[%clk 00:15:59]} {[%emt
00:01:43]} 29. Kg2 {[%clk 00:15:59]} {[%emt 00:00:59]} Ke7 {[%clk 00:11:58]}
{[%emt 00:04:34]} 30. Kg3 {[%clk 00:15:15]} {[%emt 00:01:12]} g6 {[%clk
00:10:47]} {[%emt 00:01:42]} 31. Bd3 {[%clk 00:14:51]} {[%emt 00:00:53]} Nh5+
{[%clk 00:10:24]} {[%emt 00:00:54]} 32. Kg4 {[%clk 00:14:47]} {[%emt 00:00:34]}
h6 {[%clk 00:10:02]} {[%emt 00:00:53]} 33. Kf3 {[%clk 00:11:08]} {[%emt
00:04:07]} f5 {[%clk 00:10:08]} {[%emt 00:00:25]} 34. Ke2 {[%clk 00:10:30]}
{[%emt 00:01:08]} Nf6 {[%clk 00:09:37]} {[%emt 00:01:01]} 35. f3 {[%clk
00:10:48]} {[%emt 00:00:12]} Kf7 {[%clk 00:08:34]} {[%emt 00:01:34]} 36. Kd2
{[%clk 00:09:20]} {[%emt 00:01:58]} Kg7 {[%clk 00:05:38]} {[%emt 00:03:25]} 37.
Rg1 {[%clk 00:07:48]} {[%emt 00:02:34]} Kh7 {[%clk 00:06:31]} {[%emt 00:00:05]}
38. h4 {[%clk 00:07:40]} {[%emt 00:00:38]} h5 {[%clk 00:05:56]} {[%emt
00:01:05]} 39. Rg5 {[%clk 00:06:53]} {[%emt 00:01:16]} Kh6 {[%clk 00:04:39]}
{[%emt 00:01:48]} 40. Rg1 {[%clk 00:05:53]} {[%emt 00:01:29]} Kh7 {[%clk
00:02:00]} {[%emt 00:03:10]} 41. Rg5 {[%clk 00:05:48]} {[%emt 00:00:35]} Re7
{[%clk 00:20:20]} {[%emt 00:12:10]} 42. Rg1 {[%clk 00:34:51]} {[%emt 00:01:26]}
Ne8 {[%clk 00:15:08]} {[%emt 00:05:44]} 43. Rc1 {[%clk 00:29:47]} {[%emt
00:05:33]} Rc7 {[%clk 00:12:36]} {[%emt 00:03:02]} 44. Rc6 {[%clk 00:28:30]}
{[%emt 00:01:47]} Rxc6 {[%clk 00:10:36]} {[%emt 00:02:30]} 45. bxc6 {[%clk
00:28:59]} {[%emt 00:00:02]} Kg7 {[%emt 00:00:16]} 46. e4 {[%clk 00:29:20]}
{[%emt 00:00:06]} dxe4 {[%clk 00:10:39]} {[%emt 00:00:44]} 47. fxe4 {[%clk
00:29:48]} {[%emt 00:00:01]} fxe4 {[%clk 00:10:31]} {[%emt 00:00:38]} 48. Bxe4
{[%clk 00:30:17]} {[%emt 00:00:01]} Kf6 {[%clk 00:10:06]} {[%emt 00:00:55]} 49.
Kc3 {[%clk 00:28:45]} {[%emt 00:02:02]} g5 {[%clk 00:09:22]} {[%emt 00:01:15]}
50. hxg5+ {[%clk 00:29:09]} {[%emt 00:00:05]} Kxg5 {[%clk 00:09:48]} {[%emt
00:00:04]} 51. d5 {[%clk 00:25:42]} {[%emt 00:03:57]} Kf6 {[%clk 00:09:25]}
{[%emt 00:00:53]} 52. Kd4 {[%clk 00:25:14]} {[%emt 00:00:58]} h4 {[%clk
00:07:59]} {[%emt 00:01:57]} 53. Bg2 {[%clk 00:25:16]} {[%emt 00:00:27]} a5
{[%clk 00:05:41]} {[%emt 00:02:48]} 54. Kc4 {[%clk 00:23:44]} {[%emt 00:02:02]}
Nd6+ {[%clk 00:05:21]} {[%emt 00:00:50]} 55. Kd4 {[%clk 00:24:12]} {[%emt
00:00:03]} Ke7 {[%clk 00:04:39]} {[%emt 00:01:12]} 56. Bh3 {[%clk 00:21:47]}
{[%emt 00:02:54]} Kd8 {[%clk 00:05:02]} {[%emt 00:00:07]} 57. Be6 {[%clk
00:20:26]} {[%emt 00:01:50]} Kc7 {[%clk 00:05:19]} {[%emt 00:00:15]} 58. Bd7
{[%clk 00:18:16]} {[%emt 00:02:39]} a4 {[%clk 00:04:36]} {[%emt 00:01:13]} 59.
Kc3 {[%clk 00:18:40]} {[%emt 00:00:07]} Nb5+ {[%clk 00:04:34]} {[%emt
00:00:32]} 60. Kb4 {[%clk 00:17:37]} {[%emt 00:01:33]} a3 {[%clk 00:04:59]}
{[%emt 00:00:05]} 61. Kb3 {[%clk 00:15:14]} {[%emt 00:02:53]} Kd6 {[%clk
00:05:21]} {[%emt 00:00:09]} 0-1